Mavi (Record no. 3876)

MARC details
000 -BAŞLIK
Sabit Uzunlukta Kontrol Alanı 00878na a2200265 4500
001 - KONTROL NUMARASI
Denetim Alanı 17504
003 - KONTROL NUMARASI IDENTIFIER
Denetim Alanı MIRAKIL
005 - SON İŞLEM TARİHİ VE ZAMANI
Denetim Alanı 20181213154946.0
008 - SABİT-BOY VERİ ELEMANLARI - GENEL BİLGİLER
Sabit Uzunlukta Kontrol Alanı 161025b tu 000 0
020 ## - ULUSLARARASI STANDART KİTAP NUMARASI
Uluslararası Standart Kitap Numarası 9754582335 (c.2)
020 ## - ULUSLARARASI STANDART KİTAP NUMARASI
Uluslararası Standart Kitap Numarası 9754582343 (c.1)
040 ## - KATALOGLAMA KAYNAK
Orijinal Kataloglama Ajansı Milas
Kataloglama Dili tur
Metne Dönüştürmek Ajansı TR-AnCHP
041 ## - DİL KODU
Metin / Ses Parça Veya Ayrı Başlığın Dil Kodu tur
082 ## - DEWEY ONLU SINIFLANDIRMA NUMARASI
Sınıflandırma Numarası 814.42
Ürün Numarası E99m 2000
090 ## - SINIFLAMA NUMARASI
Sınıflama Numarası 814.42 E99m 2000
100 ## - ANA GİRİŞ - KİŞİSEL İSİM
Kişisel Ad Eyüboğlu, Sabahattin
Bir Adıyla İlişkilendirilen Tarihler 1908-1973
245 ## - BAŞLIK TABLOSU
Başlık Mavi
Sorumluluk Tablosu, Vb Sabahattin Eyüboğlu
260 ## - YAYIN, DAĞITIM, VB
Yayın, Dağıtım, Vb Yeri İstanbul
Yayıncı, Dağıtıcı, Vs Adı Türkiye İş Bankası Kültür Yayınları
Yayın, Dağıtım, Vb Tarihi 2000
300 ## - FİZİKSEL TANIM
Kapsam 2 c.
Boyutlar 20 sm.
440 ## - SERİSİ TABLOSU / KATMA GİRİŞİ - BAŞLIK
Başlık Edebiyat dizisi
Hacim / Ardışık Tanımı 131-132
490 ## - SERİSİ TABLOSU
Seri Beyanı Türkiye İş Bankası Kültür Yayınları Genel yayın
Hacim / Ardışık Tanımı 481-482
505 ## - BİÇİMLENDİRİLDİ İÇİNDEKİLER NOT
Biçimlendirilmiş İçeriği Dikkat c.1. Söz sanatları üzerine denemeler ve eleştiriler -- Güzel sanatlar üzerine denemeler ve eleştiriler
650 ## - KONU KATMA GİRİŞ - TOPİKAL DÖNEM
Topikal Süreli Veya Coğrafi Ad Giriş Elemanı Türk edebiyatı
Genel Alt Bölümü Deneme
942 ## - EKLENDİ GİRİŞ ELEMANLARI (KOHA)
Sınıflandırma Veya Raf Düzeni Kaynak Dewey Decimal Classification
Koha Öğesi Türü Books
999 ## - SİSTEM KONTROL NUMARALARI (KOHA)
Koha Biblionumber 3876
Koha Biblioitemnumber 3876
Holdings
Kalıcı Konum Mevcut Konum Edinme Tarihi Edinim Kaynak Seri Numaralandırma / Kronolojik Toplam Check-Out'Lar Tam Çağrı Numarası Barkod Tarih Son Görülme İtibaren Geçerli Fiyatlar Koha Öğesi Türü
CHP Kütüphanesi CHP Kütüphanesi 10/25/2016 Bağış c.3   814.42 E99m 2000 007711 10/25/2016 10/25/2016 Books
CHP Kütüphanesi CHP Kütüphanesi 10/25/2016 Bağış     814.42 E99m 2000 007712 10/25/2016 10/25/2016 Books